000 00738nam a2200217 i 4500
001 108959
003 ES-MaACL
005 20250828000908.0
007 t|
008 061121s1969 sp |||| | spa d
100 1 _aMoxó y Ortiz de Villajos, Salvador de.
_983946
245 1 0 _aEstudios sobre la sociedad castellana en la baja Edad Media /
_cSalvador de Moxo y Ortiz de Villajos.
260 _aMadrid :
_bInstituto Jerónimo Zurita,
_c1969.
300 _aX, 368 p. ;
_c24 cm.
490 1 _aCuadernos de historia
651 4 _aCastilla (Reino)-
_xSituación social.
_9167781
710 2 _aInstituto Jerónimo Zurita
_95106
830 0 _aCuadernos de historia
_9179996
852 _aES-MaACL
_jC-41799
999 _c108959
_d108959